[Event "NAYCC U10 w"]
[Site "Kingston CAN"]
[Date "2019.08.19"]
[Round "7.59"]
[White "Inozemtseva, Milana"]
[Black "Liao, Jocelyn"]
[Result "1-0"]
[WhiteElo "784"]
[BlackElo "799"]
[PlyCount "95"]
[EventDate "2019.08.16"]
[EventType "swiss"]
[EventRounds "9"]
[EventCountry "CAN"]

1. e4 e5 2. Nf3 Nc6 3. Bc4 Bc5 4. d3 Nf6 5. O-O d5 6. exd5 Nxd5 7. Re1 Bg4 8.
Bb5 O-O 9. Bxc6 bxc6 10. Rxe5 Re8 11. Rxe8+ Qxe8 12. c4 Nf6 13. Bg5 Bd4 14. Nc3
Qb8 15. Rb1 Qb6 16. Qd2 h6 17. Na4 Qa6 18. Nxd4 hxg5 19. b3 Qc8 20. Nxc6 Qb7
21. Ne5 Be6 22. Nc5 Qc8 23. Qxg5 Qe8 24. Re1 Qe7 25. Nc6 Qe8 26. Nxe6 fxe6 27.
Ne5 Qb8 28. Re3 Qb4 29. h3 Re8 30. Qg6 Qc3 31. Nc6 Qc1+ 32. Kh2 Rf8 33. Rg3 Rf7
34. Ne5 Re7 35. Ng4 Nxg4+ 36. Rxg4 Qe1 37. Qg5 Rf7 38. Rh4 Qxf2 39. Qh5 Kf8 40.
Qh8+ Ke7 41. Rg4 Qb2 42. Qh4+ Kd7 43. Rd4+ Kc6 44. Qe4+ Kb6 45. Qxe6+ Kb7 46.
Rd5 Rf2 47. Rb5+ Ka8 48. Qc8# 1-0

[Event "NAYCC U10 w"]
[Site "Kingston CAN"]
[Date "2019.08.19"]
[Round "8.50"]
[White "Qu, Greta"]
[Black "Jin, Helena"]
[Result "1/2-1/2"]
[WhiteElo "1427"]
[BlackElo "950"]
[PlyCount "107"]
[EventDate "2019.08.16"]
[EventType "swiss"]
[EventRounds "9"]
[EventCountry "CAN"]

1. e4 e5 2. Nf3 Nc6 3. d4 d6 4. Bb5 Bg4 5. d5 a6 6. Ba4 b5 7. Bxb5 axb5 8. dxc6
Ne7 9. Qd3 Qb8 10. h3 Bxf3 11. Qxf3 Nxc6 12. Qc3 Qb7 13. Bd2 Be7 14. O-O O-O
15. Be3 Rfd8 16. Rd1 Bf6 17. Qe1 Ne7 18. Nc3 c6 19. Ne2 Rac8 20. Ng3 Ng6 21.
Rd3 Qe7 22. Nf5 Qe6 23. Bb6 Rd7 24. f3 Rb8 25. Be3 Ne7 26. Nxe7+ Bxe7 27. Qd2
Qg6 28. Rd1 Re8 29. Bc5 Red8 30. Qc3 Qe6 31. Qb3 Qf6 32. Bf2 Qe6 33. Bg3 Qf6
34. Qc3 Rc7 35. b3 c5 36. a4 bxa4 37. bxa4 Ra7 38. Ra1 Rda8 39. Qc4 Bd8 40. Qb5
h6 41. Be1 Qe7 42. Qc6 Ra6 43. Qb5 Qa7 44. Rda3 Rb8 45. Qe8+ Kh7 46. Rb3 c4+
47. Bf2 Qa8 48. Rxb8 Qxb8 49. Qxf7 Qb2 50. Qf5+ Kg8 51. Qe6+ Kh7 52. Qf5+ Kg8
53. Qe6+ Kh7 54. Qf5+ 1/2-1/2

[Event "NAYCC U10 w"]
[Site "Kingston CAN"]
[Date "2019.08.19"]
[Round "8.51"]
[White "Morden, Rose"]
[Black "Wu, Abbie"]
[Result "1/2-1/2"]
[WhiteElo "1518"]
[BlackElo "1623"]
[PlyCount "63"]
[EventDate "2019.08.16"]
[EventType "swiss"]
[EventRounds "9"]
[EventCountry "CAN"]

1. d4 Nf6 2. Nf3 d5 3. e3 e6 4. Bd3 Be7 5. b3 O-O 6. Bb2 c5 7. O-O Nc6 8. a3
Qc7 9. Ne5 Nxe5 10. dxe5 Nd7 11. f4 Qb6 12. c4 dxc4 13. Bxc4 Qc7 14. Nc3 a6 15.
Qe2 b5 16. Bd3 Bb7 17. Ne4 Bd5 18. Qc2 c4 19. bxc4 bxc4 20. Nd2 Rac8 21. Rac1
c3 22. Qxc3 Qb7 23. Bc4 Nb6 24. Qb3 Bxg2 25. Rf2 Nxc4 26. Qxb7 Bxb7 27. Nxc4
Bc5 28. Re2 Bd5 29. Nd6 Bxd6 30. exd6 Rxc1+ 31. Bxc1 Rd8 32. e4 1/2-1/2

[Event "NAYCC U10 w"]
[Site "Kingston CAN"]
[Date "2019.08.19"]
[Round "8.52"]
[White "Prakash, Nandini"]
[Black "Pham, Linda"]
[Result "0-1"]
[WhiteElo "1416"]
[BlackElo "1330"]
[PlyCount "138"]
[EventDate "2019.08.16"]
[EventType "swiss"]
[EventRounds "9"]
[EventCountry "CAN"]

1. d4 f5 2. Bf4 Nf6 3. e3 e6 4. Nf3 Be7 5. Nbd2 b6 6. Be2 Bb7 7. c3 Nc6 8. Qc2
d6 9. Bd3 Nh5 10. Bg3 Nxg3 11. hxg3 g6 12. e4 Qd7 13. exf5 exf5 14. Nh4 Qe6+
15. Be2 Ba6 16. Ndf3 O-O-O 17. d5 Qxe2+ 18. Qxe2 Bxe2 19. Kxe2 Ne5 20. Nd4 Kb7
21. Kd2 Nc4+ 22. Kc2 Bf6 23. Ne6 Rde8 24. Rae1 Ne5 25. Nd4 Ng4 26. f3 Ne3+ 27.
Kd3 Nxd5 28. a3 Re5 29. c4 Ne7 30. f4 Rxe1 31. Rxe1 Nc6 32. Nxc6 Kxc6 33. b4
Kd7 34. Nf3 Re8 35. Rh1 Re7 36. b5 c6 37. a4 d5 38. cxd5 cxd5 39. Nd4 Bxd4 40.
Kxd4 Kd6 41. Kd3 Kc5 42. Rc1+ Kb4 43. Ra1 Re4 44. Rh1 h5 45. Ra1 Ka5 46. Rc1
Rc4 47. Re1 Kxa4 48. Ra1+ Kxb5 49. Rxa7 Rc6 50. Kd4 Rd6 51. Rg7 Kc6 52. Rg8 Kb5
53. Ke5 Kc6 54. Rc8+ Kd7 55. Rb8 d4 56. Ra8 d3 57. Ra1 d2 58. Rd1 b5 59. g4
hxg4 60. g3 b4 61. Ra1 Re6+ 62. Kd4 d1=Q+ 63. Rxd1 Rd6+ 64. Ke5 Rxd1 65. Kf6 b3
66. Kg5 b2 67. Kh4 b1=Q 68. Kg5 Qb8 69. Kf6 Kc6 0-1

[Event "NAYCC U10 w"]
[Site "Kingston CAN"]
[Date "2019.08.19"]
[Round "8.53"]
[White "Gao, Lucy"]
[Black "Fausto, Aliana"]
[Result "1/2-1/2"]
[WhiteElo "1288"]
[BlackElo "1214"]
[PlyCount "114"]
[EventDate "2019.08.16"]
[EventType "swiss"]
[EventRounds "9"]
[EventCountry "CAN"]

1. e4 c5 2. Nf3 g6 3. Nc3 Bg7 4. Be2 Nc6 5. O-O Nf6 6. d3 O-O 7. Be3 d6 8. Qd2
Ng4 9. h3 Nxe3 10. fxe3 Bh6 11. Rae1 Qb6 12. b3 Qa5 13. Bd1 Bg7 14. d4 cxd4 15.
exd4 Qb4 16. e5 dxe5 17. dxe5 Qc5+ 18. Qe3 Qxe3+ 19. Rxe3 Rd8 20. Be2 Nd4 21.
Nxd4 Rxd4 22. Bc4 e6 23. Nb5 Rd7 24. Nc3 b6 25. Bb5 Re7 26. Bc6 Bb7 27. Bxb7
Rxb7 28. Nb5 Rd7 29. c4 a6 30. Nc3 Rad8 31. Rff3 Bh6 32. Re4 Rd3 33. Rxd3 Rxd3
34. Na4 Be3+ 35. Kf1 Bc5 36. Ke2 Rd7 37. Nxc5 bxc5 38. Re3 Kf8 39. Rd3 Ke7 40.
Rxd7+ Kxd7 41. Ke3 Kc6 42. a3 a5 43. a4 Kd7 44. g4 g5 45. Kd3 Ke7 46. Ke3 f6
47. exf6+ Kxf6 48. Ke4 h6 49. Kd3 e5 50. Ke3 Ke7 51. Kd3 Kd7 52. Ke3 Kd6 53.
Kd3 e4+ 54. Kxe4 Ke6 55. Kd3 Ke5 56. Ke3 Kd6 57. Kd3 Ke5 1/2-1/2

[Event "NAYCC U10 w"]
[Site "Kingston CAN"]
[Date "2019.08.19"]
[Round "8.54"]
[White "Yang, Jing Yao"]
[Black "Ma, Lily"]
[Result "1-0"]
[WhiteElo "1164"]
[BlackElo "824"]
[PlyCount "119"]
[EventDate "2019.08.16"]
[EventType "swiss"]
[EventRounds "9"]
[EventCountry "CAN"]

1. e4 e6 2. Nf3 d5 3. exd5 exd5 4. d4 Nc6 5. Nc3 Bb4 6. a3 Bxc3+ 7. bxc3 Nf6 8.
Bd3 O-O 9. O-O Bg4 10. h3 Bh5 11. Bg5 Qd6 12. Bxf6 Qxf6 13. Be2 Rae8 14. Re1
Re6 15. Qd3 Rfe8 16. Qd2 h6 17. Rab1 R8e7 18. Kf1 b6 19. Qd3 Bg6 20. Qd2 Na5
21. Bd3 Bh5 22. Rxe6 Rxe6 23. Be2 Bxf3 24. Bxf3 c6 25. Be2 Qg5 26. Qxg5 hxg5
27. Re1 f5 28. Bd3 Rxe1+ 29. Kxe1 g6 30. Ke2 c5 31. Ke3 Kf7 32. f4 Kf6 33. g3
Nc6 34. Be2 c4 35. g4 b5 36. Bf3 Ke6 37. fxg5 a5 38. h4 a4 39. Kd2 b4 40. axb4
fxg4 41. Bxg4+ Kd6 42. h5 Ne7 43. h6 a3 44. h7 a2 45. h8=Q a1=Q 46. Qd8+ Kc6
47. Qxe7 Qa8 48. Qe6+ Kb7 49. Qxd5+ Kb8 50. Qxa8+ Kxa8 51. Be6 Kb8 52. Bxc4 Kc7
53. Bf7 Kc6 54. Bxg6 Kc7 55. Bf7 Kc6 56. g6 Kb5 57. g7 Ka4 58. g8=Q Ka3 59.
Qa8+ Kb2 60. Qa2# 1-0

[Event "NAYCC U10 w"]
[Site "Kingston CAN"]
[Date "2019.08.19"]
[Round "8.55"]
[White "Dahale, Siddhi"]
[Black "Arivoli, Sadhana"]
[Result "1-0"]
[WhiteElo "1137"]
[BlackElo "1296"]
[PlyCount "159"]
[EventDate "2019.08.16"]
[EventType "swiss"]
[EventRounds "9"]
[EventCountry "CAN"]

1. d4 d5 2. c4 c6 3. Nc3 Nf6 4. Nf3 dxc4 5. e4 b5 6. a4 b4 7. Na2 e6 8. e5 Nd5
9. Bxc4 Be7 10. O-O O-O 11. Re1 Bb7 12. Qb3 a5 13. Bxd5 Qxd5 14. Qxd5 cxd5 15.
Bd2 Nc6 16. Nc1 Rfc8 17. Nd3 Ba6 18. Re3 Na7 19. h4 Bxd3 20. Rxd3 h6 21. Be3
Rc2 22. Rd2 Rac8 23. Rxc2 Rxc2 24. Rc1 Rxc1+ 25. Bxc1 Nc6 26. Be3 Kf8 27. g3 f6
28. Bf4 fxe5 29. Bxe5 Nxe5 30. Nxe5 Bd8 31. Kf1 Bc7 32. Nf3 Kf7 33. Ke2 Kf6 34.
g4 Bf4 35. Ne1 Bd6 36. Ke3 e5 37. dxe5+ Bxe5 38. b3 g5 39. h5 Ke6 40. Ng2 Kf6
41. Kd3 Bf4 42. Kd4 Ke6 43. Ne1 Be5+ 44. Ke3 Bf4+ 45. Kf3 Ke5 46. Nd3+ Kd4 47.
Nxf4 gxf4 48. Kxf4 Kc3 49. g5 d4 50. gxh6 d3 51. h7 d2 52. h8=Q+ Kxb3 53. Qd4
Kc2 54. Qc4+ Kb1 55. Qb3+ Kc1 56. h6 d1=Q 57. Qxd1+ Kxd1 58. h7 b3 59. h8=Q Kc2
60. Qc8+ Kb2 61. Ke3 Ka2 62. Qc4 Ka3 63. Qc1+ Kxa4 64. Qa1+ Kb4 65. Kd2 a4 66.
Qc3+ Kb5 67. f4 b2 68. Qxb2+ Kc4 69. Qa3 Kb5 70. Kc3 Ka5 71. Qb4+ Ka6 72. Qxa4+
Kb6 73. Qc4 Kb7 74. Qc5 Kb8 75. Qc6 Ka7 76. Qb5 Ka8 77. Kc4 Ka7 78. Kc5 Ka8 79.
Kc6 Ka7 80. Qb7# 1-0

[Event "NAYCC U10 w"]
[Site "Kingston CAN"]
[Date "2019.08.19"]
[Round "8.56"]
[White "Girish, Niyathi"]
[Black "Zhuang, Winnie"]
[Result "0-1"]
[WhiteElo "826"]
[BlackElo "1285"]
[PlyCount "74"]
[EventDate "2019.08.16"]
[EventType "swiss"]
[EventRounds "9"]
[EventCountry "CAN"]

1. e4 e6 2. d4 d5 3. Nd2 c5 4. Bd3 cxd4 5. Ne2 Nf6 6. e5 Nfd7 7. Nf3 Nc6 8. Bf4
Bb4+ 9. c3 dxc3 10. bxc3 Ba5 11. O-O h6 12. h3 Bc7 13. Qa4 a6 14. Bg3 O-O 15.
Qg4 Ncxe5 16. Nxe5 Bxe5 17. Bxe5 Nxe5 18. Qg3 Nxd3 19. Qxd3 Bd7 20. Rab1 Bb5
21. Qc2 Bxe2 22. Qxe2 b5 23. Rfd1 Qc7 24. Qd3 Rfd8 25. Rb4 Rac8 26. Rc1 Qa7 27.
a4 d4 28. c4 bxc4 29. Rcxc4 Rxc4 30. Rxc4 e5 31. Kf1 Qb7 32. Ke2 e4 33. Qg3 d3+
34. Kd1 d2 35. Qg4 Qb1+ 36. Ke2 d1=Q+ 37. Ke3 Qd2# 0-1

[Event "NAYCC U10 w"]
[Site "Kingston CAN"]
[Date "2019.08.19"]
[Round "8.57"]
[White "Zhao, Catherine"]
[Black "De Costa, Dayna"]
[Result "0-1"]
[WhiteElo "624"]
[BlackElo "686"]
[PlyCount "66"]
[EventDate "2019.08.16"]
[EventType "swiss"]
[EventRounds "9"]
[EventCountry "CAN"]

1. e4 c5 2. Nf3 e6 3. Nc3 Qc7 4. Nb5 Qd8 5. d4 cxd4 6. Qxd4 Nc6 7. Qc3 Bb4 8.
Bf4 Bxc3+ 9. bxc3 a6 10. Nc7+ Kf8 11. Nxa8 d6 12. e5 d5 13. Be3 Qa5 14. Bd2 Bd7
15. c4 Qd8 16. cxd5 exd5 17. Rb1 Qxa8 18. Bb4+ Ke8 19. Bc3 Nge7 20. Ng5 h6 21.
Nh3 Qb8 22. Nf4 Nxe5 23. Nh5 Qc7 24. Nxg7+ Kf8 25. Bb4 Kxg7 26. Bxe7 Ba4 27.
Ba3 Qc3+ 28. Kd1 Qxc2+ 29. Ke1 Qxb1+ 30. Kd2 Qxa2+ 31. Ke1 Qc2 32. Be2 Nd3+ 33.
Bxd3 Qd1# 0-1

[Event "NAYCC U10 w"]
[Site "Kingston CAN"]
[Date "2019.08.19"]
[Round "8.58"]
[White "Liao, Jocelyn"]
[Black "Chen, Alina"]
[Result "0-1"]
[WhiteElo "799"]
[BlackElo "964"]
[PlyCount "140"]
[EventDate "2019.08.16"]
[EventType "swiss"]
[EventRounds "9"]
[EventCountry "CAN"]

1. e4 c5 2. Nf3 d6 3. d4 cxd4 4. Nxd4 Nf6 5. Nc3 g6 6. Be3 Bg7 7. Bb5+ Bd7 8.
Bxd7+ Nbxd7 9. O-O O-O 10. Qd2 Ng4 11. h3 Nxe3 12. Qxe3 Nf6 13. Rfe1 Rc8 14.
Nf3 a6 15. Rad1 Qc7 16. Rd2 Qc5 17. Qd3 Nh5 18. Nd5 Rfe8 19. c3 Nf6 20. Nxf6+
Bxf6 21. Qc2 Rc7 22. Rd5 Qc6 23. Rd3 Rec8 24. Ree3 Qd7 25. e5 Bg7 26. exd6 exd6
27. Qd2 Bh6 28. Rd4 Bxe3 29. Qxe3 Rc4 30. Rxc4 Rxc4 31. Qd3 Rc7 32. Qd4 Qc6 33.
Qh4 Qc4 34. Qg3 Rc6 35. Nd2 Qe2 36. Nf3 Qxb2 37. Qh4 Rxc3 38. Ng5 h5 39. Qf4
Qc1+ 40. Qxc1 Rxc1+ 41. Kh2 d5 42. Nf3 b5 43. Nd4 Rc4 44. Nb3 d4 45. Kg3 d3 46.
Kf3 Rc6 47. Ke3 Rd6 48. f3 Kg7 49. g3 g5 50. g4 hxg4 51. fxg4 f6 52. Nd2 a5 53.
Nf3 b4 54. h4 gxh4 55. Nxh4 d2 56. Nf5+ Kf8 57. Nxd6 d1=Q 58. Nf5 Qxg4 59. Nh6
Qg5+ 60. Kf3 Qxh6 61. Ke4 Qg5 62. Kd4 f5 63. Kd5 f4+ 64. Kd6 Qf5 65. Kc6 Qe5
66. a4 bxa3 67. Kb6 Qd5 68. Ka6 Qb3 69. Kxa5 a2 70. Ka6 a1=Q# 0-1

[Event "NAYCC U10 w"]
[Site "Kingston CAN"]
[Date "2019.08.19"]
[Round "8.59"]
[White "Zhou, Ariel"]
[Black "Inozemtseva, Milana"]
[Result "1-0"]
[WhiteElo "1080"]
[BlackElo "784"]
[PlyCount "99"]
[EventDate "2019.08.16"]
[EventType "swiss"]
[EventRounds "9"]
[EventCountry "CAN"]

1. e4 e5 2. Nf3 Nf6 3. Nxe5 d6 4. Nf3 Nxe4 5. Nc3 Nf6 6. d4 g6 7. Bd3 Bg7 8.
O-O O-O 9. Bg5 Bg4 10. Re1 Qd7 11. h3 Bf5 12. Qd2 h6 13. Bxf6 Bxf6 14. Qxh6 Bg7
15. Qh4 Qd8 16. Ng5 Re8 17. Bxf5 gxf5 18. Qh5 Nc6 19. Qxf7+ Kh8 20. Rxe8+ Qxe8
21. Qxf5 Kg8 22. Nd5 Nxd4 23. Nf6+ Kf8 24. Nxe8+ Nxf5 25. Nxg7 Nxg7 26. Rf1 Re8
27. f4 Ne6 28. Nxe6+ Rxe6 29. h4 c5 30. h5 Rh6 31. g4 b5 32. f5 Kf7 33. Kg2 Kf6
34. Kf3 Kg5 35. Re1 a5 36. Re6 b4 37. Rxh6 Kxh6 38. f6 c4 39. f7 Kg7 40. g5
Kxf7 41. Kf4 Kg7 42. Kf5 Kf7 43. h6 a4 44. g6+ Kg8 45. Kf6 b3 46. h7+ Kh8 47.
Kf7 bxc2 48. g7+ Kxh7 49. g8=Q+ Kh6 50. Qg6# 1-0

[Event "NAYCC U10 w"]
[Site "Kingston CAN"]
[Date "2019.08.20"]
[Round "9.50"]
[White "Yang, Jing Yao"]
[Black "Qu, Greta"]
[Result "0-1"]
[WhiteElo "1164"]
[BlackElo "1427"]
[PlyCount "88"]
[EventDate "2019.08.16"]
[EventType "swiss"]
[EventRounds "9"]
[EventCountry "CAN"]

1. e4 c5 2. Nf3 Nc6 3. d4 cxd4 4. Nxd4 g6 5. Nc3 Bg7 6. Be3 Nf6 7. Nf3 O-O 8.
Bd3 Ng4 9. Qd2 Nxe3 10. Qxe3 Nb4 11. a3 Nxd3+ 12. Qxd3 d6 13. O-O-O Qb6 14.
Rdf1 Bd7 15. e5 Bf5 16. Qb5 Qxb5 17. Nxb5 dxe5 18. Re1 Rac8 19. c3 a6 20. Nxe5
axb5 21. Nf3 Bh6+ 22. Kd1 Rcd8+ 23. Ke2 Bd3+ 24. Kd1 Bf1+ 25. Kc2 Bxg2 26. Rhg1
Bxf3 27. Rxe7 Rfe8 28. Rxe8+ Rxe8 29. Rd1 Bxd1+ 30. Kxd1 Rd8+ 31. Kc2 Rd2+ 32.
Kb3 Rxf2 33. Kb4 Rxb2+ 34. Kc5 f5 35. Kb6 f4 36. Kxb7 f3 37. Kb6 f2 38. Kb7
f1=Q 39. Kb6 Be3+ 40. Kb7 Rf2 41. Kc6 Rf6+ 42. Kb7 Qf3+ 43. Kb8 Rf7 44. Kc8
Qa8# 0-1

[Event "NAYCC U10 w"]
[Site "Kingston CAN"]
[Date "2019.08.20"]
[Round "9.51"]
[White "Pham, Linda"]
[Black "Wu, Abbie"]
[Result "0-1"]
[WhiteElo "1330"]
[BlackElo "1623"]
[PlyCount "88"]
[EventDate "2019.08.16"]
[EventType "swiss"]
[EventRounds "9"]
[EventCountry "CAN"]

1. d4 Nf6 2. Bf4 d5 3. e3 e6 4. Nf3 Be7 5. c3 O-O 6. Bd3 c5 7. Nbd2 Nc6 8. Ne5
Nxe5 9. Bxe5 Nd7 10. Bf4 Re8 11. Qh5 g6 12. Qf3 Bf6 13. Bh6 e5 14. Qxd5 exd4
15. cxd4 cxd4 16. O-O Ne5 17. Qxd8 Rxd8 18. Be4 Ng4 19. Bf4 dxe3 20. Bxe3 Bxb2
21. Rad1 Nxe3 22. fxe3 f5 23. Nc4 Be6 24. Nxb2 fxe4 25. a3 Rxd1 26. Rxd1 Rc8
27. Rd6 Kf7 28. Rd4 Rc1+ 29. Nd1 Bg4 30. Kf2 Rxd1 31. Rxd1 Bxd1 32. Ke1 Bc2 33.
Kd2 Bd3 34. Kc3 Ke6 35. Kd4 a5 36. Kc5 b5 37. Kd4 b4 38. axb4 axb4 39. g3 h6
40. h4 h5 41. Kc5 b3 42. Kd4 b2 43. g4 b1=Q 44. gxh5 Qb4# 0-1

[Event "NAYCC U10 w"]
[Site "Kingston CAN"]
[Date "2019.08.20"]
[Round "9.52"]
[White "Jin, Helena"]
[Black "Morden, Rose"]
[Result "0-1"]
[WhiteElo "950"]
[BlackElo "1518"]
[PlyCount "88"]
[EventDate "2019.08.16"]
[EventType "swiss"]
[EventRounds "9"]
[EventCountry "CAN"]

1. e4 e5 2. Nf3 Nc6 3. Bb5 a6 4. Bxc6 dxc6 5. Nc3 Bd6 6. d3 Ne7 7. Be3 Bg4 8.
h3 Bd7 9. a3 Ng6 10. d4 Qe7 11. dxe5 Nxe5 12. Bd4 O-O-O 13. Qe2 c5 14. Bxe5
Bxe5 15. Nxe5 Qxe5 16. O-O-O Qg5+ 17. Kb1 Rhe8 18. Qf3 f5 19. Rhe1 Bc6 20. h4
Rxd1+ 21. Rxd1 Qg6 22. Qxf5+ Qxf5 23. exf5 Bxg2 24. Rg1 Bh3 25. Rxg7 Bxf5 26.
Nd5 Re1+ 27. Ka2 Be6 28. Rxc7+ Kd8 29. Rxc5 b6 30. Rc6 Bxd5+ 31. c4 Bxc6 32. f4
Rf1 33. Kb3 Rxf4 34. h5 Rh4 35. Kc3 Rxh5 36. b4 Rg5 37. Kd4 h5 38. Ke3 h4 39.
Kf4 Rg8 40. c5 bxc5 41. bxc5 h3 42. Ke5 h2 43. Kd6 h1=Q 44. a4 Qd5# 0-1

[Event "NAYCC U10 w"]
[Site "Kingston CAN"]
[Date "2019.08.20"]
[Round "9.53"]
[White "Zhuang, Winnie"]
[Black "Gao, Lucy"]
[Result "0-1"]
[WhiteElo "1285"]
[BlackElo "1288"]
[PlyCount "80"]
[EventDate "2019.08.16"]
[EventType "swiss"]
[EventRounds "9"]
[EventCountry "CAN"]

1. e4 e5 2. Nf3 Nc6 3. Bb5 a6 4. Ba4 Nf6 5. O-O b5 6. Bb3 Be7 7. Re1 O-O 8. c3
d5 9. exd5 Nxd5 10. d4 exd4 11. Nxd4 Nxd4 12. Qxd4 Bb7 13. Bxd5 Bxd5 14. Bf4
Bf6 15. Qd1 Re8 16. h3 Bb7 17. Rxe8+ Qxe8 18. Nd2 Rd8 19. Qg4 Be5 20. Bxe5 Qxe5
21. Nf1 Rd6 22. Rd1 h5 23. Qh4 Rxd1 24. f3 Qe1 25. Qxe1 Rxe1 26. Kf2 Rb1 27.
Kg3 Rxb2 28. Ne3 Rxa2 29. Kh4 Re2 30. Nf5 Rxg2 31. Ng3 g5+ 32. Kxg5 Rxg3+ 33.
Kf5 Rxf3+ 34. Ke5 a5 35. Kd4 a4 36. c4 a3 37. cxb5 a2 38. b6 a1=Q+ 39. Kc4 Qa4+
40. Kc5 Rc3# 0-1

[Event "NAYCC U10 w"]
[Site "Kingston CAN"]
[Date "2019.08.20"]
[Round "9.54"]
[White "Fausto, Aliana"]
[Black "Dahale, Siddhi"]
[Result "0-1"]
[WhiteElo "1214"]
[BlackElo "1137"]
[PlyCount "118"]
[EventDate "2019.08.16"]
[EventType "swiss"]
[EventRounds "9"]
[EventCountry "CAN"]

1. e4 e5 2. Nf3 Nc6 3. d4 exd4 4. Bc4 Nf6 5. e5 d5 6. Bb5 Ne4 7. Nxd4 Bd7 8.
Bxc6 Bxc6 9. Nxc6 bxc6 10. O-O Bc5 11. Nd2 Nxd2 12. Bxd2 O-O 13. Bc3 Re8 14.
Bd4 Bb6 15. b4 Rb8 16. a3 Re6 17. Re1 Rg6 18. Qd2 Qh4 19. c3 Qh3 20. g3 Rh6 21.
f3 Re8 22. Qg2 Qf5 23. Kh1 Ree6 24. Re3 Reg6 25. Re2 Rh3 26. Kg1 h5 27. a4
Bxd4+ 28. cxd4 h4 29. g4 Qxf3 30. Qxf3 Rxf3 31. Kg2 Rd3 32. h3 Rxd4 33. b5 c5
34. Rc2 c4 35. Kf2 Rf4+ 36. Ke1 Re4+ 37. Re2 Rxe2+ 38. Kxe2 Re6 39. Ke3 Rxe5+
40. Kd4 f6 41. Ra3 Kf7 42. Kc5 g6 43. Rc3 f5 44. gxf5 gxf5 45. Rf3 Kg6 46. Kd4
Kf6 47. Kc5 Ke6 48. Kd4 Re4+ 49. Kc5 f4 50. a5 Ke5 51. Kc6 d4 52. Kxc7 d3 53.
Rxd3 cxd3 54. b6 axb6 55. axb6 d2 56. b7 d1=Q 57. Kc8 Rc4+ 58. Kb8 Qd6+ 59. Ka8
Ra4# 0-1

[Event "NAYCC U10 w"]
[Site "Kingston CAN"]
[Date "2019.08.20"]
[Round "9.55"]
[White "Ran, Alice"]
[Black "Prakash, Nandini"]
[Result "0-1"]
[WhiteElo "985"]
[BlackElo "1416"]
[PlyCount "112"]
[EventDate "2019.08.16"]
[EventType "swiss"]
[EventRounds "9"]
[EventCountry "CAN"]

1. e4 c5 2. Nc3 d6 3. f4 Nc6 4. Nf3 e6 5. Bb5 Bd7 6. O-O a6 7. Bxc6 Bxc6 8. d3
Nf6 9. Qe1 Be7 10. Qg3 O-O 11. f5 exf5 12. exf5 Kh8 13. Qh3 Nd5 14. Nxd5 Bxd5
15. Bf4 Bf6 16. c3 Bc6 17. Qg3 d5 18. Bd6 Be7 19. Bxe7 Qxe7 20. Rae1 Qf6 21.
Ne5 Rfe8 22. Nxc6 Qxc6 23. Rxe8+ Rxe8 24. Qh4 h6 25. f6 Qe6 26. fxg7+ Kxg7 27.
Qg3+ Qg6 28. Qc7 Re2 29. g3 Qh5 30. Rf2 Rxf2 31. Kxf2 Qxh2+ 32. Kf3 Qh5+ 33. g4
Qh3+ 34. Qg3 Qxg3+ 35. Kxg3 Kg6 36. Kf4 f6 37. b3 a5 38. a4 f5 39. gxf5+ Kf6
40. d4 cxd4 41. cxd4 b6 42. Kg4 h5+ 43. Kxh5 Kxf5 44. Kh6 Ke4 45. Kg6 Kxd4 46.
Kf6 Kc3 47. Ke5 d4 48. Kd5 d3 49. Kc6 d2 50. Kxb6 Kb4 51. Kc6 d1=Q 52. Kc7 Qd5
53. Kc8 Qf7 54. Kd8 Kc5 55. Kc8 Kc6 56. b4 Qe8# 0-1

[Event "NAYCC U10 w"]
[Site "Kingston CAN"]
[Date "2019.08.20"]
[Round "9.56"]
[White "Chen, Alina"]
[Black "De Costa, Dayna"]
[Result "0-1"]
[WhiteElo "964"]
[BlackElo "686"]
[PlyCount "84"]
[EventDate "2019.08.16"]
[EventType "swiss"]
[EventRounds "9"]
[EventCountry "CAN"]

1. e4 c5 2. Nf3 e6 3. d4 cxd4 4. Nxd4 a6 5. Nc3 Qc7 6. Be3 Bb4 7. Qd2 Nf6 8. f3
b5 9. a3 Be7 10. Be2 Bb7 11. O-O-O O-O 12. h4 b4 13. axb4 Bxb4 14. Qd3 a5 15.
Qc4 Qxc4 16. Bxc4 d6 17. g4 Nfd7 18. Ncb5 Ba6 19. Bd3 Nc5 20. Nxd6 Nxd3+ 21.
Rxd3 Bxd3 22. cxd3 Bxd6 23. Nb5 Rc8+ 24. Kb1 Bc5 25. Rc1 Na6 26. Bf4 Bb4 27.
Rd1 Rd8 28. Be3 Bc5 29. Bf4 Rd7 30. d4 Bb6 31. Rd2 Nc7 32. Nxc7 Bxc7 33. Be3 a4
34. e5 a3 35. bxa3 Rxa3 36. Re2 Bb6 37. Rb2 Rxe3 38. Rxb6 h6 39. Rb4 Rxf3 40.
Kc2 Rf4 41. Kd3 Rxg4 42. h5 Rh4 0-1

[Event "NAYCC U10 w"]
[Site "Kingston CAN"]
[Date "2019.08.20"]
[Round "9.57"]
[White "Ma, Lily"]
[Black "Arivoli, Sadhana"]
[Result "0-1"]
[WhiteElo "824"]
[BlackElo "1296"]
[PlyCount "138"]
[EventDate "2019.08.16"]
[EventType "swiss"]
[EventRounds "9"]
[EventCountry "CAN"]

1. e4 Nf6 2. Nc3 d5 3. f3 dxe4 4. fxe4 e5 5. Nf3 Bg4 6. Be2 Nbd7 7. O-O Bc5+ 8.
Kh1 O-O 9. d3 h6 10. Qe1 Kh8 11. Qh4 Qe7 12. Bxh6 gxh6 13. Qxh6+ Nh7 14. Nh4
Bxe2 15. Nxe2 Qg5 16. Qxg5 Nxg5 17. Rf5 Rg8 18. Raf1 Raf8 19. Nf3 Nxf3 20.
R5xf3 Rg6 21. Rxf7 Rxf7 22. Rxf7 Rf6 23. Rxf6 Nxf6 24. h3 Kg7 25. g4 Kg6 26.
Kg2 Kg5 27. Kg3 a6 28. h4+ Kg6 29. g5 Nh5+ 30. Kg4 Bf2 31. a4 Bc5 32. Ng3 Nxg3
33. Kxg3 Kh5 34. c3 Bd6 35. Kh3 c5 36. b3 b5 37. axb5 axb5 38. Kg3 b4 39. cxb4
cxb4 40. Kh3 Bc5 41. Kg3 Bd4 42. Kf3 Bc5 43. Kg3 Bd6 44. Kh3 Be7 45. Kg3 Bc5
46. Kh3 Bf2 47. g6 Kxg6 48. Kg4 Be3 49. h5+ Kf6 50. Kh4 Bh6 51. Kg4 Ke6 52. Kf3
Kd6 53. Ke2 Kc5 54. Kd1 Kd4 55. Kc2 Ke3 56. d4 Kxd4 57. Kd1 Kxe4 58. Ke2 Kd4
59. Kd1 Kc3 60. Ke2 e4 61. Ke1 Kxb3 62. Kd1 Kc3 63. Ke2 b3 64. Kf2 b2 65. Kg3
b1=Q 66. Kg4 e3 67. Kf3 Qf5+ 68. Ke2 Qf2+ 69. Kd1 e2# 0-1

[Event "NAYCC U10 w"]
[Site "Kingston CAN"]
[Date "2019.08.20"]
[Round "9.58"]
[White "Zhou, Ariel"]
[Black "Girish, Niyathi"]
[Result "0-1"]
[WhiteElo "1080"]
[BlackElo "826"]
[PlyCount "62"]
[EventDate "2019.08.16"]
[EventType "swiss"]
[EventRounds "9"]
[EventCountry "CAN"]

1. e4 e5 2. Nf3 Nc6 3. Nc3 Nf6 4. Bb5 Bb4 5. O-O O-O 6. d4 Bxc3 7. bxc3 exd4 8.
cxd4 Nxe4 9. d5 Nc3 10. Qd3 Nxb5 11. Qxb5 a6 12. Qd3 Ne7 13. Re1 d6 14. Bb2 Bf5
15. Qd4 f6 16. Re2 c5 17. Qd2 Rf7 18. Rae1 Qd7 19. c4 Ng6 20. Bc3 Ne5 21. Nxe5
fxe5 22. Re3 Rf6 23. Rg3 Rg6 24. Ree3 Rxg3 25. Rxg3 b5 26. Qe2 b4 27. Bb2 Kh8
28. Qh5 g6 29. Qg5 Qa4 30. Qf6+ Kg8 31. Qxd6 Qd1# 0-1

[Event "NAYCC U10 w"]
[Site "Kingston CAN"]
[Date "2019.08.20"]
[Round "9.59"]
[White "Zhao, Catherine"]
[Black "Inozemtseva, Milana"]
[Result "0-1"]
[WhiteElo "624"]
[BlackElo "784"]
[PlyCount "66"]
[EventDate "2019.08.16"]
[EventType "swiss"]
[EventRounds "9"]
[EventCountry "CAN"]

1. e4 e5 2. Nf3 Nf6 3. Bc4 Bc5 4. Nxe5 d5 5. Bb5+ c6 6. Ba4 Qe7 7. Nd3 Qxe4+ 8.
Qe2 Qxe2+ 9. Kxe2 Bb6 10. Re1 O-O 11. Kf1 Ng4 12. Kg1 Bf5 13. h3 Bxd3 14. hxg4
Bb5 15. Bxb5 cxb5 16. b3 Nc6 17. Nc3 Nd4 18. Rb1 Rae8 19. Rxe8 Rxe8 20. Nxd5
Re5 21. Ne3 Re6 22. c3 Nc6 23. c4 b4 24. Bb2 h6 25. Nf5 f6 26. d4 g6 27. Nxh6+
Kg7 28. d5 Rd6 29. Nf5+ gxf5 30. dxc6 bxc6 31. gxf5 Rd2 32. Kh1 Rd8 33. f4 Rh8#
0-1

[Event "NAYCC U12"]
[Site "Kingston CAN"]
[Date "2019.08.16"]
[Round "1.59"]
[White "Xie, Austin"]
[Black "Vidyarthi, Vyom"]
[Result "1/2-1/2"]
[WhiteElo "1872"]
[BlackElo "2205"]
[PlyCount "112"]
[EventDate "2019.08.16"]
[EventType "swiss"]
[EventRounds "9"]
[EventCountry "CAN"]

1. e4 e5 2. Nf3 Nc6 3. Bc4 Bc5 4. O-O Nf6 5. d3 d6 6. h3 a6 7. c3 h6 8. Bb3 O-O
9. Nbd2 Ba7 10. Re1 Nh5 11. Nf1 Qf6 12. Be3 Nf4 13. Bxf4 Qxf4 14. Qd2 Qf6 15.
Kh2 Kh8 16. Ng3 g5 17. Nh5 Qg6 18. g4 f5 19. exf5 Bxf5 20. Nf4 exf4 21. gxf5
Rxf5 22. Rg1 Qf6 23. d4 Qg7 24. Rae1 Rff8 25. Bc2 Ne7 26. Nh4 Rf6 27. Qe2 Nc6
28. Qh5 Rg8 29. Re8 Ne7 30. Nf3 Rxe8 31. Qxe8+ Qf8 32. Qh5 Qf7 33. Rxg5 Qxh5
34. Rxh5 c5 35. dxc5 Bxc5 36. Kg2 Re6 37. Bd3 Kg7 38. Rh4 Ng6 39. Rg4 h5 40.
Rg5 Kh6 41. Rd5 Ne7 42. Rg5 Ng6 43. Rd5 Ne5 44. Nxe5 Rxe5 45. Rxe5 dxe5 46. Be4
b6 47. c4 a5 48. b3 Kg5 49. f3 h4 50. Bd5 Kf6 51. Kf1 Bd4 52. Ke2 Ke7 53. Kd3
Kd6 54. Be4 Kc5 55. Kc2 Kb4 56. a4 Kc5 1/2-1/2